| 000 | 01137nam a2200241Ia 4500 | ||
|---|---|---|---|
| 999 |
_c50468 _d50468 |
||
| 001 | 17416 | ||
| 003 | GE_BSU | ||
| 005 | 20200213111031.0 | ||
| 008 | 181216s2011ge xx |||||||||||||| ||geo|| | ||
| 020 | _a9789941021169 | ||
| 040 | _cGE_BSU | ||
| 041 | _ageo | ||
| 080 | _a347.78:7.012(479.22) ძ-21 | ||
| 100 |
_aძამუკაშვილი, დავით. _9925 |
||
| 245 |
_aდიზაინის სამართალი / _cდავით ძამუკაშვილი ; რედ. რომან შენგელია ; მანანა მოსულიშვილი |
||
| 264 |
_aთბილისი : _bსაქპატენტი, _c2011. |
||
| 300 |
_a171 გვ; _c21 სმ. |
||
| 653 | _aდიზაინის სამართალი;ინტელექტუალური საკუთრება | ||
| 653 | _aსამართალი | ||
| 700 |
_aშენგელია, რომან _eრედაქტორი _9909 |
||
| 700 |
_aმოსულიშვილი, მანანა _eრედაქტორი _97017 |
||
| 942 |
_cBK _2udc |
||